Medicinal plants in Libya /

محفوظ في:

المؤلف الرئيسي: Ḥusayn, Fawzī Ṭāhā Quṭb.

التنسيق: كتاب

اللغة: English

منشور في: Beirut, Lebanon : Arab Encyclopedia House, c1985.

الموضوعات:

الوسوم: إضافة وسم

لا توجد وسوم, كن أول من يضع وسما على هذه التسجيلة!

رقم الطلب: QK99 .H88

LEADER 00666nam a22002057a 4500
003 OSt
005 20251117103257.0
008 251117t1985 le a b 001 0 eng d
040 |c ARCE Library 
050 1 4 |a QK99  |b .H88 
100 1 |a Ḥusayn, Fawzī Ṭāhā Quṭb. 
245 1 0 |a Medicinal plants in Libya /   |c Fawzy Taha Kotb Hussein. 
264 1 |a Beirut, Lebanon :  |b Arab Encyclopedia House,  |c c1985. 
300 |a 830 p. :  |b col. ill. ;  |c 25 cm. 
504 |a Includes bibliographical references (p. 825-830) and indexes. 
650 0 |a Materia medica, Vegetable -- Libya. 
650 0 |a Medicinal plants -- Libya. 
901 |a reviewed 
942 |2 lcc  |c BK 
999 |c 48686  |d 48686